ბათუმის შოთა რუსთაველის სახელმწიფო უნივერსიტეტის ბიბლიოთეკა

საინჟინრო მელიორაციის მოკლე კურსი : (ბიბ.ჩანაწერი № 38964)

000 -ლიდერი
ფიქსირებული სიგრძის საკონტროლო ველი 00875nam a2200217Ia 4500
001 - საკონტროლო ნომერი
საკონტროლო ველი 5416
003 - საკონტროლო ნომრის იდენტიფიკატორი
საკონტროლო ველი GE_BSU
005 - ბოლო ოპერაციის თარიღი და დრო
საკონტროლო ველი 20190521181423.0
008 - ფიქსირებული სიგრძის მონაცემთა ელემენტები - ზოგადი ინფორმაცია
ფიქსირებული სიგრძის საკონტროლო ველი 181216s1972||||ge |||||||||||||| ||geo||
040 ## - კატალოგიზაციის წყარო
Transcribing agency GE_BSU
041 ## - ენის კოდი
Language code of text/sound track or separate title geo
080 ## - უნივერსალური ათობითი კლასიფიკაციის ინდექსი
Universal Decimal Classification number 626.8(072) + 631 ბ-33
100 ## - მთავარი ჩანაწერი - პიროვნების სახელი
Personal name ბაღიშვილი, მ.
9 (RLIN) 1473
245 ## - ცნობა სათაურის შესახებ
Title საინჟინრო მელიორაციის მოკლე კურსი :
Remainder of title დამხმ. სახელმძღ. /
Statement of responsibility, etc მ. ბაღიშვილი ; რედ. ე. კირვალიძე.
264 ## - წარმოების, გამოცემის, დისტრიბუციის და სხვა ცნობები
გამოცემის, წარმოების, დისტრიბუციის... ადგილი თბილისი :
გამოცემის, წარმოების, დისტრიბუციის... სახელწოდება სპი,
გამოცემის, წარმოების, დისტრიბუციის... თარიღი 1972.
300 ## - ფიზიკური აღწერა
Extent 118 გვ. :
Other physical details ილ. ;
Dimensions 20 სმ.
504 ## - BIBLIOGRAPHY, ETC. NOTE
Bibliography, etc ბიბლიოგრ. : გვ.116.
653 ## - INDEX TERM--UNCONTROLLED
Uncontrolled term საინჟინრო მელიორაცია
700 ## - ADDED ENTRY--PERSONAL NAME
Personal name კირვალიძე, ე.
9 (RLIN) 1474
942 ## - ADDED ENTRY ELEMENTS (KOHA)
Koha item type წიგნი
Source of classification or shelving scheme
ეგზემპლარები
ჩამოწერის სტატუსი დაკარგული ეგზემპლარის სტატუსი კლასიფიკაციის წყარო ან თაროზე გაწყობის სქემა დაზიანების სტატუსი არ გაიცემა მუდმივი მდებარეობა (დაცვის ადგილი) ამჟამინდელი ადგილსამყოფელი თაროზე განთავსების ადგილი შეძენის თარიღი ღირებულება, შესყიდვის ნორმალური ფასი სრული შენახვის შიფრი შტრიხკოდი ბოლო ოპერაციის თარიღი ეგზემპლარის მიმდევრობითი ნომერი (კეტერი?) ფასის ძალაში შესვლის თარიღი ეგზემპლარის სახეობა საჯარო შენიშვნა
          ტექნოლოგიური ფაკულტეტის ბიბლიოთეკა ტექნოლოგიური ფაკულტეტის ბიბლიოთეკა წიგნსაცავი 2018-12-17 0.56 626.8(072) + 631 ბ-33 11941 2018-12-17 11941 2018-12-17 წიგნი 0.56 ლ.
          ტექნოლოგიური ფაკულტეტის ბიბლიოთეკა ტექნოლოგიური ფაკულტეტის ბიბლიოთეკა წიგნსაცავი 2018-12-17 0.56 626.8(072) + 631 ბ-33 11942 2018-12-17 11641 2018-12-17 წიგნი 0.56 ლ.
          ტექნოლოგიური ფაკულტეტის ბიბლიოთეკა ტექნოლოგიური ფაკულტეტის ბიბლიოთეკა წიგნსაცავი 2018-12-17 0.56 626.8(072) + 631 ბ-33 11943 2018-12-17 11943 2018-12-17 წიგნი 0.56 ლ.
          ტექნოლოგიური ფაკულტეტის ბიბლიოთეკა ტექნოლოგიური ფაკულტეტის ბიბლიოთეკა წიგნსაცავი 2018-12-17 0.56 626.8(072) + 631 ბ-33 11944 2018-12-17 11944 2018-12-17 წიგნი 0.56 ლ.
          ტექნოლოგიური ფაკულტეტის ბიბლიოთეკა ტექნოლოგიური ფაკულტეტის ბიბლიოთეკა წიგნსაცავი 2018-12-17 0.56 626.8(072) + 631 ბ-33 11945 2018-12-17 11945 2018-12-17 წიგნი 0.56 ლ.